| 000 | 00576 a2200205 4500 | ||
|---|---|---|---|
| 001 | 54771 | ||
| 005 | 20260407155823.0 | ||
| 008 | 260407a1981 arg spa d | ||
| 003 | AR-UNSa-BCEJYS | ||
| 040 |
_aAR-UNSa-BCEJYS _bspa _cAR-UNSa-BCEJYS |
||
| 080 |
_a316 _xSociología |
||
| 245 | 1 | 0 | _aManual de sociología |
| 264 | 1 |
_aBuenos Aires : _bAstrea _c1981 |
|
| 300 |
_a217 p. _c20 cm. |
||
| 505 | _a1. Sociología – 2. La sociedad – 3. Los hechos sociales | ||
| 041 | _aspa | ||
| 942 | _cBK | ||
| 590 | _aniveau_biblio:m niveau_hierar:0 | ||
| 100 | 1 | _aPoviña, Alfredo | |
| 999 |
_c5793 _d5793 |
||